Adivinhe a música da Taylor Swift sem dicas #25 - Statistics

Estatísticas Gerais
  • Esse quiz foi jogado 144 vezes
  • A pontuação média é 144 de 282
Estatísticas das Respostas
Resposta % Correto
You
94%
you
94%
a
92%
I
91%
the
83%
be
78%
me
78%
we
77%
do
76%
On
73%
on
73%
your
70%
to
69%
when
65%
It
63%
it
63%
Don't
62%
don't
62%
men
62%
my
62%
is
61%
she
61%
So
60%
and
59%
And
59%
that
59%
for
58%
like
56%
was
55%
Was
55%
what
55%
What
55%
Did
53%
know
53%
have
52%
who
52%
ever
51%
of
51%
(of
51%
with
51%
With
51%
get
48%
never,
48%
say
48%
this
48%
were
47%
talk
45%
am
44%
said
44%
Now
43%
call
42%
But
39%
can't
39%
lost
38%
lost)
38%
mom,
38%
way
38%
best
37%
friend
37%
I'll
37%
want
37%
had
36%
Red
36%
back
35%
from
35%
long
34%
tell
34%
you're
34%
didn't
33%
home?
33%
just
33%
Just
33%
more
33%
got
32%
it's
32%
off
32%
(off
32%
part
31%
guess
30%
Guess
30%
party
30%
everybody
29%
miss
29%
went
29%
cannot
28%
cost
28%
heard
28%
less
28%
new
28%
Or
28%
though
28%
better
27%
how
27%
myself
27%
pretend
27%
Remind
27%
even
26%
friends
26%
price
26%
think
26%
been
25%
hair
25%
has
25%
I'd
25%
pay
25%
anxious
24%
icons
24%
old
24%
started
24%
gave,
23%
maybe
23%
Sea
23%
tryin'
23%
change
22%
chest
22%
chest)
22%
rock
22%
you'd
22%
crowd
21%
grew
21%
looks
21%
mega
21%
ways
21%
important
20%
left
20%
left)
20%
weekends
20%
lives
19%
outside
19%
acid
18%
dinners,
17%
into
17%
Shared
17%
only
16%
Platonic,
16%
dignity
15%
faded
15%
Truth
15%
yacht
15%
ended
14%
'til
14%
('til
14%
turn
13%
thoughts
12%
chasing
11%
mystery
11%
shrouded
7%
Nenhum quiz correspondente encontrado
Distribuição das Pontuações
Porcentagem de Pessoas com Cada Pontuação
Percentil de Números Respondidos
Sua Pontuação Histórica
Você não jogou esse quiz